LIBRARY & INFORMATION CENTRE, KCAET, TAVANUR

ONLINE PUBLIC ACCESS CATALOGUE (OPAC)

Pre-university physics (Record no. 186)

MARC details
000 -LEADER
fixed length control field 00446cam a2200205ua 4500
041 ## - LANGUAGE CODE
Language code of text/sound track or separate title eng
082 ## - DEWEY DECIMAL CLASSIFICATION NUMBER
Classification number 530
Item number OUS/PR
100 ## - MAIN ENTRY--AUTHOR NAME
Personal name Ouseph, C C.
245 ## - TITLE STATEMENT
Title Pre-university physics
250 ## - EDITION STATEMENT
Edition statement 1 /
260 ## - PUBLICATION, DISTRIBUTION, ETC. (IMPRINT)
Place of publication :
Name of publisher S.Viswanathan ,
Year of publication 1965.
300 ## - PHYSICAL DESCRIPTION
Number of Pages 453 ; .
700 1# - ADDED ENTRY--PERSONAL NAME
Personal name Devassy, C P .
700 1# - ADDED ENTRY--PERSONAL NAME
Personal name Ouseph, C C .
942 ## - ADDED ENTRY ELEMENTS (KOHA)
Koha item type Books
Holdings
Withdrawn status Lost status Damaged status Home library Current library Date acquired Cost, normal purchase price Full call number Accession Number Koha item type
Withdrawn     KAUAET KAUAET 07/04/2012 5.00 530 7339 Books
free website counter